Microsoft Visual Basic .NET: (Record no. 3868)

MARC details
000 -LEADER
fixed length control field 01066cam a2200337 a 4500
001 - CONTROL NUMBER
control field 13473476
003 - CONTROL NUMBER IDENTIFIER
control field MUT
005 - DATE AND TIME OF LATEST TRANSACTION
control field 20240606080923.0
008 - FIXED-LENGTH DATA ELEMENTS--GENERAL INFORMATION
fixed length control field 040129s2003 njua 001 0 eng d
010 ## - LIBRARY OF CONGRESS CONTROL NUMBER
LC control number 2004296493
020 ## - INTERNATIONAL STANDARD BOOK NUMBER
International Standard Book Number 1580030378 (softcover)
020 ## - INTERNATIONAL STANDARD BOOK NUMBER
International Standard Book Number 1580030386
035 ## - SYSTEM CONTROL NUMBER
System control number (OCoLC)ocm52719225
040 ## - CATALOGING SOURCE
Original cataloging agency TEF
Transcribing agency TEF
Modifying agency DLC
042 ## - AUTHENTICATION CODE
Authentication code lccopycat
050 10 - LIBRARY OF CONGRESS CALL NUMBER
Classification number QA76.73.B3
Item number B7485 2003
082 00 - DEWEY DECIMAL CLASSIFICATION NUMBER
Classification number 005.2/768
Edition information 22
100 1# - MAIN ENTRY--PERSONAL NAME
Personal name Sprague Michael,
Dates associated with a name 1965-
245 13 - TITLE STATEMENT
Title Microsoft Visual Basic .NET:
Remainder of title An introduction to programming
250 ## - EDITION STATEMENT
Edition statement 1st ed.
260 ## - PUBLICATION, DISTRIBUTION, ETC.
Place of publication, distribution, etc. USA :
Name of publisher, distributor, etc. thomson,
Date of publication, distribution, etc. c2003.
300 ## - PHYSICAL DESCRIPTION
Extent 1 v. (various pagings) :
Other physical details ill. ;
Dimensions 29 cm.
500 ## - GENERAL NOTE
General note Includes index.
630 00 - SUBJECT ADDED ENTRY--UNIFORM TITLE
Uniform title Visual Basic.
650 #0 - SUBJECT ADDED ENTRY--TOPICAL TERM
Topical term or geographic name entry element BASIC (Computer program language)
650 #0 - SUBJECT ADDED ENTRY--TOPICAL TERM
Topical term or geographic name entry element Microsoft .NET Framework.
700 1# - ADDED ENTRY--PERSONAL NAME
Personal name Presley, Bruce.
906 ## - LOCAL DATA ELEMENT F, LDF (RLIN)
a 7
b cbc
c copycat
d 2
e ncip
f 20
g y-gencatlg
942 ## - ADDED ENTRY ELEMENTS (KOHA)
Source of classification or shelving scheme Library of Congress Classification
Koha item type Books
Holdings
Withdrawn status Lost status Source of classification or shelving scheme Damaged status Not for loan Home library Current library Date acquired Total checkouts Full call number Barcode Date last seen Date last checked out Price effective from Koha item type
    Library of Congress Classification     Murang'a University of Technology Library Murang'a University of Technology Library 13/01/2017 7 QA76.73.B3 B7485 2003 004049 30/08/2024 03/02/2023 13/01/2017 Books